Ч. 3; XXXII студенческая научно-техническая конференция вузов Прибалтийских республик, Белорусской ССР и Молдавской ССР, 19-21 апреля 1988 г.

Podrobná bibliografie
Parent link:XXXII студенческая научно-техническая конференция вузов Прибалтийских республик, Белорусской ССР и Молдавской ССР, 19-21 апреля 1988 г.: в 3 ч./ Рижский политехнический институт. Ч. 3.— , 1988
Korporativní autor: Студенческая научно-техническая конференция вузов Прибалтийских республик, Белорусской ССР и Молдавской ССР
Další autoři: Бутузов Е. В.
Jazyk:ruština
Vydáno: 1988
Témata:
Médium: Kniha
KOHA link:https://koha.lib.tpu.ru/cgi-bin/koha/opac-detail.pl?biblionumber=261477

MARC

LEADER 00000nam2a2200000 4500
001 261477
005 20231101233552.0
035 |a (RuTPU)RU\TPU\book\284458 
035 |a RU\TPU\book\284455 
090 |a 261477 
100 |a 20140523d1988 k y0rusy50 ca 
101 0 |a rus 
102 |a LV 
105 |a a z 101zy 
200 0 |a Ч. 3 
210 |d 1988 
215 |a 140 с.  |c ил. 
320 |a Библиография в конце глав 
461 1 |0 (RuTPU)RU\TPU\book\303760  |t XXXII студенческая научно-техническая конференция вузов Прибалтийских республик, Белорусской ССР и Молдавской ССР, 19-21 апреля 1988 г.  |o в 3 ч.  |o тезисы докладов  |f Рижский политехнический институт  |v Ч. 3  |d 1988 
606 1 |a Образовательные технологии в высшей школе  |2 stltpush  |3 (RuTPU)RU\TPU\subj\69568  |9 84369 
610 1 |a студенческие конференции 
610 1 |a студенческие научно-исследовательские работы 
610 1 |a студенческие работы 
610 1 |a архитектура 
610 1 |a инженерная графика 
610 1 |a строительство 
610 1 |a коммунальное хозяйство 
610 1 |a иностранные языки 
610 1 |a экология 
610 1 |a конференции 
610 1 |a Рига 
686 |a Ч481.22л0  |v LBC/SL-A  |2 rubbk 
702 1 |a Бутузов  |b Е. В.  |4 540 
712 1 2 |a Студенческая научно-техническая конференция вузов Прибалтийских республик, Белорусской ССР и Молдавской ССР  |c конференция  |d 32  |e Рига  |f 1988 
801 1 |a RU  |b 63413507  |c 20140523 
801 2 |a RU  |b 63413507  |c 20160517  |g RCR 
942 |c BK